INFORME FINAL DE EJERCICIO PROFESIONAL SUPERVISADO, DISEÑO DE EDIFICIO MUNICIPAL PARA BIBLIOTECA EN SAN JUAN CHAMELCO, ALTA VERAPAZ, DISEÑO DE MEJORAMIENTO Y AMPLIACIÓN DE CAMINO RURAL CASERÍO SAQUIHÁ, SAN JUAN CHAMELCO, ALTA VERAPAZ./ (Registro nro. 2065)

Detalles MARC
000 -LEADER
campo de control de longitud fija 03417nam a22003377a 4500
001 - NÚMERO DE CONTROL
campo de control TIC 0024
003 - IDENTIFICADOR DE NÚMERO DE CONTROL
campo de control gtcocun
005 - FECHA Y HORA DE LA ÚLTIMA TRANSACCIÓN
campo de control 20250922195741.0
006 - CÓDIGOS DE INFORMACIÓN DE LONGITUD FIJA--CARACTERÍSTICAS DEL MATERIAL ADICIONAL
campo de control de longitud fija a||||gr|||| 00| 0
007 - CAMPO FIJO DE DESCRIPCIÓN FÍSICA--INFORMACIÓN GENERAL
campo de control de longitud fija ta
008 - DATOS DE LONGITUD FIJA--INFORMACIÓN GENERAL
campo de control de longitud fija 250922b2023 gt ||||| m||| 00| 0 eng d
040 ## - FUENTE DE CATALOGACIÓN
Centro catalogador/agencia de origen gtcocun
Lengua de catalogación SPA
Centro/agencia transcriptor gtcocun
Normas de descripción RDA
041 ## - CÓDIGO DE IDIOMA
Código de lengua del texto/banda sonora o título independiente SPA TIC 0024
084 ## - OTRO NÚMERO DE CLASIFICACIÓN
Número de control del registro de autoridad o número normalizado TIC 0024
100 ## - ENTRADA PRINCIPAL--NOMBRE DE PERSONA
Nombre de persona Sierra Leal, July Magnolia
Término indicativo de función/relación Autor
245 ## - MENCIÓN DEL TÍTULO
Título INFORME FINAL DE EJERCICIO PROFESIONAL SUPERVISADO, DISEÑO DE EDIFICIO MUNICIPAL PARA BIBLIOTECA EN SAN JUAN CHAMELCO, ALTA VERAPAZ, DISEÑO DE MEJORAMIENTO Y AMPLIACIÓN DE CAMINO RURAL CASERÍO SAQUIHÁ, SAN JUAN CHAMELCO, ALTA VERAPAZ./
Mención de responsabilidad, etc. July Magnolia Sierra Leal.
Medio Impreso
264 ## - PRODUCCIÓN, PUBLICACIÓN, DISTRIBUCIÓN, FABRICACIÓN Y COPYRIGHT
Producción, publicación, distribución, fabricación y copyright Cobán, Alta Verapaz:
Nombre del de productor, editor, distribuidor, fabricante Universidad de San Carlos de Guatemala, Centro Universitario del Norte, Ingeniería Civil
Fecha de producción, publicación, distribución, fabricación o copyright 2023
300 ## - DESCRIPCIÓN FÍSICA
Extensión 223 p.:
Otras características físicas Ilustraciones, gráficas.
Dimensiones 28 cm;
300 ## - DESCRIPCIÓN FÍSICA
Dimensiones PDF
336 ## - TIPO DE CONTENIDO
Fuente rdacontenido
Término de tipo de contenido Texto
Código de tipo de contenido txt
337 ## - TIPO DE MEDIO
Fuente rdamedio
Nombre/término del tipo de medio Computadora
Código del tipo de medio n
338 ## - TIPO DE SOPORTE
Fuente rdasoporte
Nombre/término del tipo de soporte Código en línea
Código del tipo de soporte cr
502 ## - NOTA DE TESIS
identificador de la tesis TIC 0024
502 ## - NOTA DE TESIS
Nota de tesis Tesis de grado
Tipo de título Ingeniería Civil,
Nombre de la institución que otorga el título Universidad de San Carlos de Guatemala, Centro Universitario del Norte, Ingeniería Civil
Año de obtención del título 2023
Identificador de la tesis TIC 0024
520 14 - RESUMEN, ETC.
Sumario, etc. El Ejercicio Profesional Supervisado se realizó como parte del pensum de estudios de la carrera de ingeniería civil del Centro Universitario del Norte en coordinación con el Programa de Ejercicio Profesional Supervisado Multidisciplinario EPSUM en la<br/>Municipalidad del municipio de San Juan Chamelco del departamento de Alta Verapaz.<br/><br/>Durante este proceso se desarrolló la investigación diagnostica del municipio de San Juan Chamelco, que para ello se enfocó principalmente en la infraestructura y urbanización, se jerarquizaron situaciones encontradas, posteriormente se definieron las más relevantes para poder intervenir. De esa cuenta, se consideró el diseño como también el cálculo de un<br/>edificio y una carretera para la comunidad Saquihá.<br/><br/>Para hacer un trabajo debidamente organizado, se procedió a elaborar el plan de trabajo, en el que se enlistaron actividades a realizar para los dos proyectos designados los cuales<br/>fueron: Diseño de Edificio Municipal para Biblioteca en San Juan Chamelco, Alta Verapaz y el Diseño de Mejoramiento y Ampliación de Camino Rural en el Caserío Saquihá, San Juan Chamelco, Alta Verapaz. Adicionalmente como actividades de EPSUM se elaboró un juego de planos para un diseño de cocina escolar en las comunidades involucradas, así<br/>mismo se apoyó en dar acompañamiento en talleres relacionados a la Seguridad<br/>Alimentaria y Nutrición.<br/><br/>En la etapa de ejecución se realizaron actividades como levantamiento topográfico en cada proyecto, extracción de muestras de suelo para sus respectivos análisis, interpretación de resultados de laboratorio de suelo, cálculos correspondientes a cada proyecto, así también se elaboraron planos, presupuesto general, presupuesto por renglones y especificaciones técnicas.
650 14 - PUNTO DE ACCESO ADICIONAL DE MATERIA--TÉRMINO DE MATERIA
Fuente del encabezamiento o término LEMB
Término de materia o nombre geográfico como elemento de entrada San Juan Chamelco, Alta Verapaz.
Subdivisión general Ingeniería
-- Estructura
-- Infraestructura
-- Ejecución
-- Presupuesto
-- Planos
700 ## - ENTRADA AGREGADA--NOMBRE PERSONAL
Nombre de persona Ing. Civil. Marlon Alexander Morán Castro
Término indicativo de función/relación Asesor
856 ## - LOCALIZACIÓN Y ACCESO ELECTRÓNICOS
Identificador Uniforme de Recurso <a href="https://drive.google.com/file/d/1BZrjzIRZwrc2buiaorA2Ql_gPYKomdj1/view">https://drive.google.com/file/d/1BZrjzIRZwrc2buiaorA2Ql_gPYKomdj1/view</a>
Texto de enlace PDF
Nota pública Un ejemplar en línea.
942 ## - ELEMENTOS DE ENTRADA SECUNDARIOS (KOHA)
Fuente de la clasificación o esquema de estantería Clasificación Decimal Dewey
Tipo de ítem Koha TESIS
Parte de la signatura que identifica el ejemplar (Parte del ítem) TIC 0024
Prefijo de la signatura Clasificación
Suprimir en OPAC No
-- TIC_0024_000000000000000
Existencias
Estatus retirado Estado de pérdida Fuente de la clasificación o esquema de estantería Estado de daño No para préstamo Colección Biblioteca de origen Biblioteca actual Ubicación en estantería Fecha de adquisición Número de inventario Total de préstamos Signatura topográfica completa Código de barras Visto por última vez Precio de reemplazo Tipo de ítem Koha
    Clasificación Decimal Dewey     tesis BIBLIOTECA- CUNOR -JOSÉ LUIS GONZALES ROSALES BIBLIOTECA- CUNOR -JOSÉ LUIS GONZALES ROSALES Colección tesis 16/09/2025 TIC 0024   TIC 0024 TIC 0024 16/09/2025 16/09/2025 TESIS